000 00358nam a22001697a 4500
003 UA-OsUOA
001 3567
007 ta
008 20050721b un ||||| |||| 00| 0 ukr d
100 _aCameron
700 _aAnn
942 _cBK
040 _aUA-OsUOA
_cUA-OsUOA
_dUA-OsUOA
245 _aThe secret Life of Amanda K. Woods.
955 _a2
650 7 _2UDC
999 _c289729
_d289729